LEADER 01146nam0-22003491i-450- 001 990006771470403321 005 20120903164623.0 010 $a88-85038-23-9 035 $a000677147 035 $aFED01000677147 035 $a(Aleph)000677147FED01 035 $a000677147 100 $a20120903d1982----km-y0itay50------ba 101 0 $aita 102 $aIT 105 $ay-------001yy 200 1 $aAnziani e società$fpubblicazione patrocinata dall'Assessorato alla Sanità della Regione Veneto 205 $a2. ed. 210 $aVicenza$cEdizioni del Rezzara$d1982 215 $aXXIV, 228 p.$d21 cm 300 $aNel verso del front.: atti del 14. Convegno sui problemi internazionali, promosso dall'Istituto di scienze sociali "Nicolò Rezzara" di Vicenza (...) Recoaro Terme dal 10 al 13/9/1981 676 $a301.435 712 01$aVeneto$c.$bAssessorato alla sanità 801 0$aIT$bUNINA$gRICA$2UNIMARC 901 $aBK 912 $a990006771470403321 952 $aIX A 783$b5441$fFSPBC 952 $aSOC-7$b24 DIP.$fDDRC 959 $aFSPBC 959 $aDDRC 996 $aAnziani e società$9630881 997 $aUNINA LEADER 03019 am 2200709 n 450 001 9910416495203321 005 20200609 010 $a2-7099-2297-5 024 7 $a10.4000/books.irdeditions.32387 035 $a(CKB)4100000011363910 035 $a(FrMaCLE)OB-irdeditions-32387 035 $a(oapen)https://directory.doabooks.org/handle/20.500.12854/41507 035 $a(PPN)26795025X 035 $a(EXLCZ)994100000011363910 100 $a20200728j|||||||| ||| 0 101 0 $aeng 135 $auu||||||m|||| 181 $ctxt$2rdacontent 182 $cc$2rdamedia 183 $acr$2rdacarrier 200 10$aAtlas of Thailand $eSpatial structures and development /$fDoryane Kermel-Torrès 210 $aMarseille $cIRD Éditions$d2020 215 $a1 online resource (209 p.) 311 $a974-9575-43-1 311 $a2-7099-1541-3 330 $aThis atlas portrays Thailand?s spatial structures and presents the country?s social and economic development in a territorial context. The Kingdom of Thailand has undergone many changes throughout its long history, and most recently during its vigorous growth from the middle of the 1980s. The maps and text give a comprehensive interpretation of Thailand?s internal dynamics as well as its regional and global integration. This is the first atlas of its kind for Thailand. It includes a wide range of spatial information and maps using various computer-assisted techniques. Seventy plates of maps, accompanied with commentary, cover significant topics such as: Thailand?s relation to the world-system, its place in Eastern Asia, and its population, infrastructure, urban network, production, income, education, intra-regional dynamics. The volume brings together experts in a variety of fields and methods. It will be a valuable tool for teachers and students, planners and entrepreneurs ? indeed, for anyone eager to understand recent changes and prepare future diagnoses. 606 $aEnvironmental Studies 606 $aThaïlande 606 $aagriculture 606 $aatlas 606 $agéographie 606 $acarte 606 $aconditions économiques 606 $aconditions sociales 606 $aThailand 606 $amap 606 $aeconomy 607 $aThailand$xEconomic conditions$vMaps 607 $aAgriculture$zThailand$vMaps 610 $aagriculture 610 $aatlas 610 $aeconomy 610 $aThailand 610 $amap 615 4$aEnvironmental Studies 615 4$aThaïlande 615 4$aagriculture 615 4$aatlas 615 4$agéographie 615 4$acarte 615 4$aconditions économiques 615 4$aconditions sociales 615 4$aThailand 615 4$amap 615 4$aeconomy 700 $aKermel-Torrès$b Doryane$01237058 701 $aKermel-Torrès$b Doryane$01237058 801 0$bFR-FrMaCLE 906 $aBOOK 912 $a9910416495203321 996 $aAtlas of Thailand$93039877 997 $aUNINA